000 00379nam a2200157Ia 4500
005 20250319044537.0
008 240331s9999 xx 000 0 und d
020 _a8126024720
082 _bNAN
_a894
100 _aNandakumar,P
245 0 _aBharathiyar
260 _aNew Delhi
_bSaakithiya Acadamy
_c2008
300 _a131 p .,
650 _aBharathiyar Kavithaikal
942 _cL
999 _c4650
_d4650